Saltar ao contenido

Основы законодательства в строительстве учебное пособие

В учебном пособии даны рекомендации по изучению курса «Основы законодательства в строительстве» студентами направления подготовки 08.03.01 Строительство, направленность (профиль) «Промышленное и гражданское строительство», очной формы обучения применительно к рабочим программам, приведены контрольны...

Descrición completa

Gardado en:
Detalles Bibliográficos
Formato: Книга
Idioma:Russian
Publicado: пос. Караваево КГСХА 2021
Acceso en liña:https://e.lanbook.com/book/252086
https://e.lanbook.com/img/cover/book/252086.jpg
Метки: Engadir etiqueta
Sen Etiquetas, Sexa o primeiro en etiquetar este rexistro!
LEADER 02140nam0a2200253 i 4500
001 252086
003 RuSpLAN
005 20221220174202.0
008 221220s2021 ru gs 000 0 rus
040 |a RuSpLAN 
041 0 |a rus 
044 |a ru 
080 |a 347 
084 |a 67  |2 rubbk 
245 0 0 |a Основы законодательства в строительстве  |b учебное пособие 
260 |a пос. Караваево  |b КГСХА  |c 2021 
300 |a 83 с. 
500 |a Рекомендовано методической комиссией экономического факультета в качестве учебного пособия для контактной и самостоятельной работы студентов направления подготовки 08.03.01 Строительство, направленность (профиль) «Промышленное и гражданское строительство», очной формы обучения 
504 |a Библиогр.: доступна в карточке книги, на сайте ЭБС Лань 
520 8 |a В учебном пособии даны рекомендации по изучению курса «Основы законодательства в строительстве» студентами направления подготовки 08.03.01 Строительство, направленность (профиль) «Промышленное и гражданское строительство», очной формы обучения применительно к рабочим программам, приведены контрольные вопросы для проверки знаний, список рекомендуемых нормативных правовых актов и литературы. 
521 8 |a Книга из коллекции КГСХА - Право. Юридические науки 
856 4 |u https://e.lanbook.com/book/252086 
856 4 8 |u https://e.lanbook.com/img/cover/book/252086.jpg 
953 |a https://e.lanbook.com/img/cover/book/252086.jpg